000 00588nam a22002177a 4500
001 00028748
005 20260413091538.0
008 260413b ag ||||| |||| 00| 0 spa d
020 _a9506141568
040 _aAR-CcCEOS
_bspa
_cAR-CcCEOS
041 _aspa
080 _a338.9
090 _bMIS
100 _aE. J. Mishan
_91045
245 _aFalacias económicas populares /
_cE. J. Mishan
264 _aArgentina :
_bOrbis,
_cc1969.
300 _a228 p. ;
_c24x15 cm.
490 _vBiblioteca de economia ;12
655 0 _aeconomía
_vmacroeconomía
_9347
942 _2udc
_cBK
_n0
999 _c28783
_d28783